00911nam a2200229 a 450000100100000000500170001000800410002704000250006808200170009310000370011024500630014726000580021030000280026865000420029665000260033865000180036491000370038204900090041995201150042895201210054399900170066400002205120200930011548.0100916s1974 dr a 001 0 spa d aDO-SdBNPbspacBNPHU a641.8bM296u1 aMañon V., Adriana V. de94569913aUn tesoro de comidas completas /cAdriana V. de Mañon V. aSanto Domingo :bLa Salle,c[1974].fAmigos del Hogar a479 p. :bil. ;c23 cm. 4aCocinazRepública Dominicana945700 4aArte culinario945701 4aMenú945702 aValidado. Control de calidad EMS aBNPD 0010728PDaPDbPDcBDd2010-09-16iLF1l0o641.8 M296up22051-10r2020-06-25w2020-06-25yLFPDZNo se presta 0010728PDaPDbPDcBDd2011-03-24iLF1l0o641.8 M296up22051-20r2020-06-25te. 2w2020-06-25yLFPDZNo se presta c21549d21549